| 000 | 00455nam a22001577a 4500 | ||
|---|---|---|---|
| 005 | 20260421123219.0 | ||
| 008 | 260421b |||||||| |||| 00| 0 eng d | ||
| 020 | _a9789780696894 | ||
| 050 |
_aPR9387 _b.U84 |
||
| 100 | _aAdamu Kyuka Usman | ||
| 245 | _aThe Lord Mammon | ||
| 260 |
_aIBADAN _bUniversity Press Plc _c2012 |
||
| 300 | _a215p. | ||
| 650 |
_aNigerian Drama (English language) _vPolitical and moral theatre _xAfrican social satire |
||
| 942 | _cBK | ||
| 999 |
_c4674 _d4674 |
||